• 首页
  • 本馆介绍
  • 公告通知
  • 最新文献
  • 馆藏检索
  • 电子资源
  • 读者导购
  • 参考咨询
  • 我的图书馆
  • 登录
  • 详细信息显示
  • 放入我的书架
  • 预约/预借图书
  • 作者相关作品
  • 分类相关作品
  • 丛书相关作品
  • 出版社相关作品

书目信息

  • 表格格式
  • 工作单格式
  • 卡片格式
题名:
公理学、元数学与哲学
    
 
作者: 张家龙 著
分册:  
出版信息: 上海   上海人民出版社  1983
页数: 125页
开本: 19cm
丛书名:
单 册:
中图分类: O141 , O1-0
科图分类:
主题词: 数学逻辑 , 数学理论
电子资源:
ISBN:
000 00686nam0 2200265 45
001 0183012298
005 20040521161650.4
010    @dCNY0.34
091    @a2074.412
100    @a19950701d1983 emky0chiy0121 ea
101 0  @achi
102    @aCN@b310000
105    @ay z 000yy
106    @ar
200 10 @a公理学、元数学与哲学@Agong li xue、 yuan shu xue yu zhe xue@f张家龙著
210    @a上海@c上海人民出版社@d1983
215    @a125页@d19cm
606    @a数学逻辑
606 0  @a数学理论
690    @aO141@v3
690    @aO1-0
701  0 @a张家龙@Azhang jia long@4著
801  0 @aCN@b上海图书馆@c20040521
801  2 @aCN@bNLC@c20040521
905    @f2@b217763-764@dO1-0@e158
    
    公理学、元数学与哲学/张家龙著.-上海:上海人民出版社,1983
    125页;19cm
    
    
    ISBN :CNY0.34
    
●
相关链接 在E读中查询图书 在五车中查询图书 在当当中查询图书 在豆瓣中查询图书


正题名:公理学、元数学与哲学     索取号:O1-0/158         预约/预借

序号 登录号 条形码 馆藏地/架位号 状态 备注
1 0217763   001200747   第三借阅区/ [索取号:O1-0/158] 在馆    
2 0217764   001200890   第三借阅区/ [索取号:O1-0/158] 在馆    
3 0217765   001200934   第二样本阅览室/ [索取号:O1-0/158] 在馆    
唐山师范学院图书馆 欢迎您!
大连网信软件有限公司© 版权所有